000 01218cam a22003615i 4500
001 016219789
003 EG-ScBUE
005 20230111121724.0
008 121120t2013 caua f 000 0 eng d
020 _a9781600582998 (pbk.)
020 _a1600582990
020 _a9781600582998
040 _aStDuBDS
_beng
_erda
_cStDuBDS
_dEG-ScBUE
082 0 4 _a751.426
_222
_bTAV
100 1 _aTavonatti, Mia,
_eauthor.
_938678
245 1 0 _a101 textures in oil & acrylic /
_cby Mia Tavonatti.
246 3 _aOne hundred and one textures in oil and acrylic
246 3 _aHundred and one textures in oil and acrylic
246 3 4 _a101 textures in oil & acrylic :
_bpractical techniques for rendering a variety of surfaces
264 1 _aIrvine, CA :
_bWalter Foster,
_c[2013]
264 4 _cc2013
300 _a128 pages :
_billustrations ;
_c25 cm
336 _2rdacontent
_atext
_btxt
337 _2rdamedia
_aunmediated
_bn
338 _2rdacarrier
_avolume
_bnc
650 7 _aTexture (Art)
_2BUEsh
650 7 _aAcrylic painting
_xTechnique.
_2BUEsh
_937852
650 7 _aPainting
_xTechnique.
_2BUEsh
_937955
651 _2BUEsh
653 _bCOMAME
_cJune2015
_cNovember2015
655 _vReading book
942 _2ddc
_cBB
999 _c19621
_d19593